Textile architecture = (Record no. 352809)
[ view plain ]
| 000 -LEADER | |
|---|---|
| fixed length control field | 00909 a2200289 4500 |
| 003 - CONTROL NUMBER IDENTIFIER | |
| control field | OSt |
| 005 - DATE AND TIME OF LATEST TRANSACTION | |
| control field | 20180116192347.0 |
| 008 - FIXED-LENGTH DATA ELEMENTS--GENERAL INFORMATION | |
| fixed length control field | 120530t xxu||||| |||| 00| 0 eng d |
| 010 ## - LIBRARY OF CONGRESS CONTROL NUMBER | |
| LC control number | 2009523029 |
| 020 ## - INTERNATIONAL STANDARD BOOK NUMBER | |
| International Standard Book Number | 9783868590173 |
| 020 ## - INTERNATIONAL STANDARD BOOK NUMBER | |
| International Standard Book Number | 386859017X |
| 024 3# - OTHER STANDARD IDENTIFIER | |
| Standard number or code | 9783868590173 |
| 035 ## - SYSTEM CONTROL NUMBER | |
| System control number | (GyWOH)har090031526 |
| 040 ## - CATALOGING SOURCE | |
| Transcribing agency | 0 |
| 082 04 - DEWEY DECIMAL CLASSIFICATION NUMBER | |
| Classification number | 729 |
| 100 1# - MAIN ENTRY--PERSONAL NAME | |
| Personal name | Krüger, Sylvie. |
| 9 (RLIN) | 2651 |
| 245 10 - TITLE STATEMENT | |
| Title | Textile architecture = |
| Remainder of title | Textile Architektur / |
| Statement of responsibility, etc. | Sylvie Krüger. |
| 246 31 - VARYING FORM OF TITLE | |
| Title proper/short title | Textile Architektur |
| 260 ## - PUBLICATION, DISTRIBUTION, ETC. | |
| Place of publication, distribution, etc. | Berlin : |
| Name of publisher, distributor, etc. | Jovis, |
| Date of publication, distribution, etc. | c2009. |
| 300 ## - PHYSICAL DESCRIPTION | |
| Extent | 208 p. : |
| Other physical details | many ill. (chiefly col.), plans ; |
| Dimensions | 28 cm. |
| 650 10 - SUBJECT ADDED ENTRY--TOPICAL TERM | |
| Topical term or geographic name entry element | Textile fabrics in interior decoration |
| 9 (RLIN) | 2652 |
| 650 10 - SUBJECT ADDED ENTRY--TOPICAL TERM | |
| Topical term or geographic name entry element | Synthetic fabrics in building |
| 9 (RLIN) | 2653 |
| 650 10 - SUBJECT ADDED ENTRY--TOPICAL TERM | |
| Topical term or geographic name entry element | Textile fabrics |
| 9 (RLIN) | 2654 |
| 650 10 - SUBJECT ADDED ENTRY--TOPICAL TERM | |
| Topical term or geographic name entry element | Architecture |
| 9 (RLIN) | 2655 |
| 942 ## - ADDED ENTRY ELEMENTS (KOHA) | |
| Institution code [OBSOLETE] | SADA |
| Koha item type | Book |
| Call number prefix | 729 KRU 2009 |
| Source of classification or shelving scheme | |
| Withdrawn status | Lost status | Source of classification or shelving scheme | Damaged status | Not for loan | Permanent Location | Current Location | Date acquired | Total Checkouts | Full call number | Barcode | Date last seen | Copy number | Cost, replacement price | Price effective from | Koha item type | Total Renewals | Date last checked out |
|---|---|---|---|---|---|---|---|---|---|---|---|---|---|---|---|---|---|
| School of Art Design and Architecture (SADA) | School of Art Design and Architecture (SADA) | 04/12/2011 | 729 KRU 2009 | SADA0000787 | 08/05/2011 | 01 | 4621.00 | 08/05/2011 | Book | ||||||||
| School of Art Design and Architecture (SADA) | School of Art Design and Architecture (SADA) | 04/12/2011 | 2 | 729 KRU 2009 | SADA0000788 | 02/20/2024 | 02 | 4621.00 | 08/05/2011 | Book | 2 | 11/21/2012 |
